000 00657nam a2200229 a 4500
005 20240925065152.0
008 041110s2002 ag r 000 0 spa d
020 _a9506024405
035 _aUPN01000136295
049 _aCG
050 4 _aBF371
_bC3.3
100 1 _aCandau, Joël
245 1 0 _aAntropología de la memoria /
_cJoël Candau ; tr. Paula Mahler.
260 _aBuenos Aires :
_bNueva Visión,
_cc2002.
300 _a125 p.
440 0 _aClaves
534 _pTraducción de :
_tAnthropologie de la mémoire
650 4 _aMemoria
_95324
650 4 _aIdentidad (Psicología)
_96603
650 4 _aPsicología social
_95889
905 _aLibro
999 _c108446
_d108446